Statistics for Top/bottom 20 Compact-Shaped countries (with lowest area/border+coastline ratio)

Click here to take the quiz!

General Stats

  • This quiz has been taken 124 times
  • The average score is 21 of 40

Answer Stats

A = AREAB = BORDERSC = COASTLINEK = 1,000 * √A / (B + C)ANSWER% Correct
9,984,6708,893202,08014Canada
78%
0.443.20207Vatican City
78%
242,90036112,42938United Kingdom
72%
1,904,5692,83054,71623Indonesia
70%
270,467015,13434New Zealand
67%
61390200San Marino
67%
181037036Marshall Islands
66%
377,930029,75120Japan
65%
12,18902,52843Vanuatu
65%
70206,1124Federated States of Micronesia
64%
45901,51914Palau
63%
26024212Tuvalu
62%
81101,14324Kiribati
61%
323,8022,55125,14820Norway
61%
28,89605,31331Solomon Islands
61%
342,353036,28916Philippines
60%
300064426Maldives
58%
13,94303,54233Bahamas
57%
389084234Saint Vincent and the Grenadines
54%
452049143Seychelles
53%
5,1300362197Trinidad and Tobago
53%
430097213Barbados
52%
2,381,7416,343998210Algeria
51%
2,0400177255Mauritius
51%
1,002,4502,6652,450195Egypt
50%
1,267,0005,6970197Niger
48%
56,5942,1976,26828Croatia
46%
131,9901,22813,67624Greece
46%
43,094687,31428Denmark
45%
1,759,5404,3481,770216Libya
45%
17,3645350246Swaziland
44%
2,149,6904,4312,640207Saudi Arabia
42%
923,7684,047853196Nigeria
41%
45,2276333,79448Estonia
34%
527,9681,7461,906198Yemen
33%
1,104,3005,3280197Ethiopia
32%
25,7137660209Macedonia
31%
28,051539296200Equatorial Guinea
28%
390,7573,0660203Zimbabwe
28%
71,740958402196Sierra Leone
24%

Score Distribution

Percentile by Number Answered

Percent of People with Each Score

Your Score History

You have not taken this quiz